000
00332nam a22001457a 4500
003
OSt
005
20220217144521.0
008
220217b |||||||| |||| 00| 0 eng d
020
_a
0471934186
040
_c
HU
082
_a
658.57
100
_a
Dussauge
_9
30768
245
_a
Strategic Technology Managemnet
942
_2
ddc
_c
BOOKS
_n
0
999
_c
30707
_d
30707